[Event "FIDE Chesscom Grand Swiss 2021"]
[Site "Riga"]
[Date "2021.10.27"]
[Round "1.48"]
[White "Van Foreest, Lucas"]
[Black "Tari, Aryan"]
[Result "1/2-1/2"]
[WhiteElo "2543"]
[BlackElo "2646"]
[Annotator "TA"]
[PlyCount "63"]
[EventDate "2021.10.27"]
[EventType "swiss"]
[EventCountry "LAT"]
[Tiebreak "Cut1 Buchholz+Sonneborn-Berger (Swiss)"]
[SourceTitle "playchess.com"]
[Source "ChessBase"]
[SourceQuality "1"]

{[%evp 14,63,19,17,16,21,20,26,21,25,38,28,33,34,29,23,46,27,48,39,44,27,25,21,
25,23,29,24,32,0,0,0,0,0,0,0,0,0,13,13,9,14,10,0,0,0,2,0,0,0,8,8]} 1. d4 Nf6 2.
c4 e6 3. Nc3 Bb4 4. Qc2 d5 5. cxd5 Qxd5 6. e3 c5 7. Bd2 Bxc3 8. bxc3 O-O {
E34: Nimzo-Indian: Classical: 4...d5.} 9. Nf3 Nc6 10. Be2 cxd4 {White has an
edge.} 11. cxd4 b6 {[#]} 12. Bd3 $146 ({Predecessor:} 12. O-O Bb7 13. Rfc1 Rac8
14. Qd3 {1/2-1/2 (14) Abello,E-Castro,E (1940) Barranquilla 1999}) 12... Qd6
13. O-O Bb7 14. Qb2 Qd5 15. Qb3 Ne4 16. Qxd5 exd5 17. Rab1 Nxd2 18. Nxd2 g6 19.
Rfc1 Rfc8 20. Rc3 Kf8 21. Rbc1 Ke7 {The position is equal.} 22. f3 Kd6 23. Kf2
Nb4 24. Bb1 Rxc3 25. Rxc3 Rc8 26. Rxc8 Bxc8 $11 {[%mdl 4096] Endgame KBN-KBN}
27. e4 f6 28. Ke3 Be6 29. a3 Na6 30. h4 Nc7 31. Bd3 Bf7 32. Nb1 {Weighted
Error Value: White=0.05/Black=0.03} 1/2-1/2

[Event "FIDE Chesscom Grand Swiss 2021"]
[Site "Riga"]
[Date "2021.10.27"]
[Round "1.49"]
[White "Saric, Ivan"]
[Black "Suleymanli, Aydin"]
[Result "1-0"]
[WhiteElo "2644"]
[BlackElo "2541"]
[Annotator "TA"]
[PlyCount "161"]
[EventDate "2021.10.27"]
[EventType "swiss"]
[EventCountry "LAT"]
[Tiebreak "Cut1 Buchholz+Sonneborn-Berger (Swiss)"]
[SourceTitle "playchess.com"]
[Source "ChessBase"]
[SourceQuality "1"]

{[%evp 10,161,21,10,15,17,30,12,27,27,33,32,41,48,59,50,50,55,114,110,243,241,
243,233,237,221,522,577,565,529,574,563,531,361,363,354,350,352,343,290,285,
274,299,290,264,241,250,237,241,225,288,159,159,159,159,159,168,168,158,158,
196,196,196,190,231,231,218,196,210,193,193,195,196,196,255,202,251,252,251,
209,226,204,305,208,220,122,150,142,142,142,168,133,133,133,133,133,133,133,
179,179,179,179,179,179,547,518,437,421,1325,1318,1296,923,741,547,6481,6430,
6003,5992,5481,6255,6356,5851,29964,29963,29963,1366,5259,1329,1206,1138,1033,
968,932,907,29960,29965,29965,881,29964,29966,29965,29966,29967,29966,29978,
29979,29979,29976,29976,29977,29985,29986,29989,29990]} 1. e4 c6 2. Nf3 d5 3.
Nc3 Bg4 4. h3 Bxf3 5. Qxf3 e6 6. Be2 Nf6 {B11: Caro-Kann: Two Knights
Variation.} 7. O-O Be7 8. d3 {[#]} d4 $146 {The position is equal.} ({
Predecessor:} 8... O-O 9. Qg3 Kh8 10. e5 Nfd7 11. f4 c5 12. Bg4 Nc6 13. Ne2 b5
14. c3 g6 {1-0 (58) Venkatesh,M (2480)-Triapishko,A (2519) Madurai 2019}) 9.
Nb1 {[%cal Bc3b1,Bb1d2,Bd2c4,Bc4a5][%mdl 32]} Qc7 10. a4 Nbd7 11. c3 Nc5 12.
Nd2 (12. cxd4 $6 Nb3 $15) 12... Rd8 13. Nc4 b5 {[#]} (13... Nfd7 $14) 14. Bf4
$1 Qb7 (14... Qd7 $16) 15. axb5 cxb5 {[#]} 16. Na5 {[%cal Ra5b7]} Qb6 17. Qg3
Na4 $2 (17... e5) 18. Bc7 $18 {[%mdl 64] Double Attack} Qa6 19. e5 Nd5 20. Bxd8
Bxd8 {[#]} 21. c4 $1 Ne7 22. Nb3 Nf5 23. Qf4 Qb6 24. cxb5 Nc5 25. Nxc5 (25.
Nxd4 g5 $15) 25... Qxc5 26. Bg4 Ne7 27. Rfc1 Qxb5 28. Qxd4 O-O 29. Qd6 ({Resist
} 29. Rxa7 $6 Nc6) 29... Ng6 30. Bh5 ({Better is} 30. Rxa7 $18 Qxe5 31. Qxe5
Nxe5 32. Be2) 30... Bb6 $16 31. Bxg6 hxg6 32. d4 Qxb2 33. Rd1 Rd8 34. Qe7 Qb3
35. Rac1 Qa4 36. Rd3 Re8 37. Qh4 Rd8 38. Rcd1 Rd5 39. Qe7 Rd8 40. g3 Qc6 41.
Qh4 a5 (41... Rd7 {was called for.} 42. Qf4 Rd8) 42. Qf4 a4 43. Qd2 Rd5 44. Qb4
{Rc3 is the strong threat.} Ba5 45. Qa3 Bb6 (45... Qb5 {was worth a try.} 46.
Qa2 Bb4) 46. Rc1 Qd7 47. Rb1 (47. Rdc3 $18) 47... Bc5 48. Rb8+ (48. dxc5 Rxd3
49. c6 Qd4 $11) 48... Kh7 49. Qc1 {Strongly threatening Qf4.} ({Much worse is} 
49. dxc5 $6 Rxd3 50. Qb4 Rd4 $11) 49... Ba7 ({But not} 49... Bxd4 $2 50. Qg5
$18) 50. Ra8 Qb7 51. Qc8 Qxc8 52. Rxc8 {Black must now prevent Rc4.} Bxd4 {
[%mdl 4096] Endgame KRR-KRB} 53. Kg2 g5 54. Ra8 Bxe5 55. Rxd5 exd5 56. Rxa4 $18
{KR-KB} f6 $2 (56... Bc3 {is tougher.} 57. Ra6 d4) 57. Ra5 d4 58. Kf3 Bc7 (
58... d3 $142 59. Rd5 Kg6 60. Rxd3 Kf7 61. Rd7+ Kg6) 59. Rb5 Kh6 60. Ke4 Be5
61. Rb7 Kh7 62. Rd7 Kg6 63. g4 Bf4 64. Rxd4 Bc1 65. Ra4 Bd2 66. Kd5 Kf7 67. Kd6
(67. Ra7+ $142 Kg6 68. Ke4 Be1 69. f4 gxf4 70. Kxf4 Bf2 71. Ra8 Bh4 72. Rh8)
67... Be1 68. f3 (68. Ra7+ $142 Kg6 69. Ra2) 68... Bf2 69. Rc4 Bg3+ 70. Kd7 Bf2
71. Rc7 Bb6 72. Rb7 Be3 73. Kd8+ (73. Kd6+ $142 Kg6 74. Kd5 Bc1 75. Rb3 Kf7 76.
Ke4 Kg6 77. Kd4 Bf4 78. Kd5) 73... Kg6 74. Ke7 {White mates.} Bc5+ 75. Ke6 Ba3
76. Rb5 Bc1 77. Rb3 Bf4 78. Rd3 Bg3 79. Ke7 f5 80. Re3 fxg4 81. hxg4 {Weighted
Error Value: White=0.15/Black=0.29} 1-0

[Event "FIDE Chesscom Grand Swiss 2021"]
[Site "Riga"]
[Date "2021.10.27"]
[Round "1.50"]
[White "Vokhidov, Shamsiddin"]
[Black "Deac, Bogdan-Daniel"]
[Result "1/2-1/2"]
[WhiteElo "2521"]
[BlackElo "2643"]
[Annotator "TA"]
[PlyCount "118"]
[EventDate "2021.10.27"]
[EventType "swiss"]
[EventCountry "LAT"]
[Tiebreak "Cut1 Buchholz+Sonneborn-Berger (Swiss)"]
[SourceTitle "playchess.com"]
[Source "ChessBase"]
[SourceQuality "1"]

{[%evp 9,118,2,24,9,11,16,13,8,16,6,7,0,0,0,20,-18,0,0,0,0,0,-14,0,-50,-50,-52,
-54,-54,-48,-59,-60,-90,-90,-89,-101,-91,-93,-92,-73,-70,-72,-73,-70,-100,-72,
-83,-66,-99,-77,-78,-77,-73,-75,-82,-62,-103,-98,-164,-164,-162,-166,-159,-114,
-101,-73,-73,-71,-70,-60,-61,-59,-60,-66,-67,-60,-60,-60,-60,-60,-118,-79,-79,
-64,-76,0,-79,-79,-93,-40,-47,-26,-30,0,0,0,-95,-95,-95,-95,-95,-95,-95,-95,
-95,-95,-95,-95,-95,-95,-95,-95]} 1. e4 c5 2. Nf3 d6 3. Bb5+ Nd7 4. Ba4 Ngf6 5.
O-O e6 6. Qe2 {B51: Sicilian: Moscow Variation (3 Bb5+) without 3...Bd7.} Qa5 {
[#]} 7. Bb3 $146 ({Predecessor:} 7. Nc3 Be7 8. d3 O-O 9. Bg5 Qc7 10. Rae1 a6
11. Bxd7 Bxd7 12. e5 dxe5 13. Nxe5 {0-1 (58) Iljiushenok,I (2539)-Matlakov,M 
(2685) Sochi 2020}) 7... b5 8. d3 {The position is equal.} Bb7 9. Bf4 Be7 10.
Nbd2 a6 11. c3 O-O 12. d4 Rfc8 13. e5 dxe5 14. dxe5 Nd5 15. Bg5 Qd8 16. Ne4 {
[#]} Nxc3 $1 17. bxc3 Bxe4 18. Qxe4 {And now Rad1 would win.} Bxg5 19. Rfd1 Be7
20. a4 {[#] aiming for axb5.} Rab8 21. axb5 axb5 22. h4 Qc7 23. h5 h6 24. Bc2 {
White threatens Qh7+ and mate.} Nf8 25. g3 b4 26. c4 b3 27. Bd3 Rd8 (27... f5 {
seems wilder.} 28. Qe2 Rb4 29. Rdb1 Qb7 30. Rb2 Nd7) 28. Rab1 Qb7 (28... Qa5 {
with more complications.} 29. Ne1 Rd7 30. Rb2 Qc3 31. Rdb1 Bg5) 29. Qxb7 Rxb7
30. Rb2 Rb4 31. Kf1 f6 32. Ke2 Nd7 33. Ke3 (33. Rdb1 $17) 33... Nxe5 $19 34.
Nxe5 fxe5 35. Be2 Bg5+ 36. f4 exf4+ 37. gxf4 Bf6 {...Rxd1 is the strong threat.
} (37... Be7 {feels hotter.} 38. Rxd8+ Bxd8 39. Bd1 Rxc4 40. Bxb3 Rc3+) 38.
Rxd8+ Bxd8 $17 {[%mdl 4096] Endgame KRB-KRB} 39. Bd1 Kf7 40. Bxb3 Bf6 41. Rb1
Bd4+ 42. Kf3 Kf6 43. Kg4 Be3 44. Kg3 ({White should try} 44. Kf3 $15 Bd2 45.
Kg4) 44... Bd2 45. Kf3 Kf7 46. Ke4 Kf6 47. Kf3 $1 Ke7 48. Ke4 Bc3 (48... Rb6
$17 {Hoping for ...Rd6.} 49. f5 Rd6 50. fxe6 Kxe6) 49. f5 e5 50. Bc2 Bd4 ({
Stronger than} 50... Rxc4+ 51. Kd3 $16) 51. Rxb4 cxb4 $11 {KB-KB} 52. c5 (52.
Kd5 $11) 52... Bxc5 $17 {Black is better.} 53. Kxe5 Bf2 54. Ba4 Bg3+ 55. Kd5
Kf6 56. Kc4 Bd6 57. Be8 Kxf5 58. Bg6+ Kf4 59. Kb3 Ke5 {White happily takes the
draw.  Weighted Error Value: White=0.12/Black=0.10} 1/2-1/2

[Event "FIDE Chesscom Grand Swiss 2021"]
[Site "Riga"]
[Date "2021.10.27"]
[Round "1.51"]
[White "Paravyan, David"]
[Black "Morovic Fernandez, Ivan"]
[Result "1/2-1/2"]
[WhiteElo "2642"]
[BlackElo "2510"]
[Annotator "TA"]
[PlyCount "65"]
[EventDate "2021.10.27"]
[EventType "swiss"]
[EventCountry "LAT"]
[Tiebreak "Cut1 Buchholz+Sonneborn-Berger (Swiss)"]
[SourceTitle "playchess.com"]
[Source "ChessBase"]
[SourceQuality "1"]

{[%evp 17,65,34,42,-7,22,34,39,24,14,24,22,0,58,37,50,5,11,0,0,0,0,0,0,0,0,0,
10,10,16,0,0,0,7,5,10,0,0,0,0,0,0,0,0,0,0,0,0,0,0,0]} 1. e4 c5 2. Nf3 e6 3. d4
cxd4 4. Nxd4 Nf6 5. Nc3 Nc6 6. Nxc6 bxc6 7. e5 Nd5 8. Ne4 Qc7 9. f4 Qb6 10. a3
{B45: Sicilian Four Knights.} (10. c4 $5 {[%cal Rc4d5]}) 10... f5 11. exf6 $1
Nxf6 12. Nxf6+ {White is slightly better.} gxf6 13. Qh5+ Kd8 14. Bd3 f5 ({
Black should try} 14... d5 $11) 15. Bd2 $14 {[#] aiming for Bc3.} Bc5 16. b4
Be3 {The position is equal.} 17. Qe2 Bxd2+ {[#]} 18. Kxd2 $146 ({Predecessor:} 
18. Qxd2 a5 19. Rd1 axb4 20. axb4 Re8 21. h4 Ra3 22. Kf1 Qd4 23. Rh3 Rg8 24.
Rf3 {1/2-1/2 (62) Adams,M (2715)-Zhou,Y (2444) Sheffield 2011}) 18... a5 19.
Qe3 Qxe3+ 20. Kxe3 Bb7 21. Rhb1 Kc7 22. g3 Ra7 23. c4 axb4 24. axb4 Rha8 25.
Rxa7 Rxa7 $11 {[%mdl 4096] Endgame KRB-KRB} 26. c5 Ra2 27. h3 Ba6 28. Bxa6 Rxa6
29. g4 Ra3+ 30. Kd4 fxg4 31. hxg4 Rg3 32. g5 {Threatens to win with Rh1.} h6
33. gxh6 {Weighted Error Value: White=0.08/Black=0.07} 1/2-1/2

[Event "FIDE Chesscom Grand Swiss 2021"]
[Site "Riga"]
[Date "2021.10.27"]
[Round "1.52"]
[White "Budisavljevic, Luka"]
[Black "Bluebaum, Matthias"]
[Result "0-1"]
[WhiteElo "2508"]
[BlackElo "2640"]
[Annotator "TA"]
[PlyCount "86"]
[EventDate "2021.10.27"]
[EventType "swiss"]
[EventCountry "LAT"]
[Tiebreak "Cut1 Buchholz+Sonneborn-Berger (Swiss)"]
[SourceTitle "playchess.com"]
[Source "ChessBase"]
[SourceQuality "1"]

{[%evp 23,86,10,25,18,28,-6,-6,0,-4,-8,-4,-21,-13,-31,-15,-58,-58,-50,-39,-42,
-49,-42,-42,-165,-160,-166,-161,-211,-195,-301,-297,-286,-287,-293,-293,-293,
-293,-293,-286,-285,-285,-340,-338,-340,-358,-362,-362,-345,-356,-355,-344,
-366,-364,-412,-410,-619,-620,-628,-536,-765,-755,-1418,-1276,-5022,-3902]} 1.
e4 e6 2. d4 d5 3. Nd2 c5 4. exd5 Qxd5 5. Ngf3 cxd4 6. Bc4 Qd6 7. O-O Nf6 8. Nb3
Nc6 9. Nbxd4 Nxd4 10. Qxd4 Qxd4 11. Nxd4 Bd7 $1 {11...Bd7 scores better than
11...a6.} 12. Be2 Rc8 13. Bf3 {C07: French Tarrasch: 3...c5, 4 Ngf3 and 4 exd5
Qxd5.} Bc5 14. Nb3 Bb6 15. c3 {The position is equal.} Bc6 16. Bxc6+ Rxc6 17.
Bf4 Nd5 {[#]} 18. Bg3 $146 ({Predecessor:} 18. Be5 f6 19. Bd4 Kf7 20. Rad1 Re8
21. Rd2 e5 22. Bxb6 Nxb6 23. Na5 Rc7 24. Rfd1 {0-1 (55) Bentsen,H (2088)
-Roulet Dubonnet,E (2084) Fagernes 2021}) 18... h5 19. h4 Ne7 20. Be5 Ng6 21.
Bg3 Rc4 22. a4 $1 a6 23. Nd2 {Now White is beyond hope.} (23. Rfd1 $15) 23...
Rg4 $19 {aiming for ...Rxg3.} 24. Kh2 Nxh4 25. f3 {[#]} Nf5 $1 26. a5 (26. Be1
{was the only chance.}) 26... Nxg3 27. fxg4 Nxf1+ 28. Nxf1 hxg4+ {[%mdl 4096]
Endgame KRB-KRN} 29. Kg3 Bc7+ 30. Kxg4 Rh1 31. Kf3 {[#]} Bxa5 $1 {[%mdl 512]}
32. Ke2 (32. Rxa5 Rxf1+) 32... Bc7 33. Ra4 f5 34. Rc4 Kd7 35. Rd4+ Bd6 36. Ne3
{With the idea Nc4.} Ke7 37. Nc4 Bc7 38. Rd3 b5 39. Nd2 (39. Ne3 $142) 39...
Rg1 {Black is clearly winning.} 40. Kf3 e5 41. Rd5 e4+ 42. Kf2 Bb6+ 43. Kg3 Ke6
{Weighted Error Value: White=0.62/Black=0.04} 0-1

[Event "FIDE Chesscom Grand Swiss 2021"]
[Site "Riga"]
[Date "2021.10.27"]
[Round "1.53"]
[White "Gukesh D"]
[Black "Rakotomaharo, Fy Antenaina"]
[Result "1-0"]
[WhiteElo "2640"]
[BlackElo "2484"]
[Annotator "TA"]
[PlyCount "121"]
[EventDate "2021.10.27"]
[EventType "swiss"]
[EventCountry "LAT"]
[Tiebreak "Cut1 Buchholz+Sonneborn-Berger (Swiss)"]
[SourceTitle "playchess.com"]
[Source "ChessBase"]
[SourceQuality "1"]

{[%evp 13,121,10,4,-12,16,2,27,0,0,0,0,0,0,0,0,0,0,-23,53,22,25,22,22,32,22,23,
31,25,29,32,29,29,25,32,29,32,29,15,18,19,56,56,135,136,147,156,141,144,146,
153,155,157,142,147,146,154,154,154,154,143,147,158,147,137,183,179,184,136,
239,225,303,291,263,185,196,163,170,148,207,181,234,234,234,234,502,502,494,
495,565,546,503,456,1334,1285,1077,533,1277,1169,1987,1916,1377,370,29965,
29957,7061,5763,4845,2305,29985,29986]} 1. d4 Nf6 2. c4 e6 3. Nf3 d5 4. Nc3
dxc4 5. Qa4+ c6 6. Qxc4 b5 7. Qd3 Bb7 8. e4 {D43: Semi-Slav: 5 Bg5 h6.} b4 9.
Na4 Nbd7 10. Bg5 {White has an edge.} Qa5 11. b3 c5 12. Bxf6 gxf6 13. Be2 O-O-O
14. O-O Kb8 {[#]} 15. Rfd1 $146 ({Predecessor:} 15. d5 Bd6 16. dxe6 Nb6 17.
Nxb6 Bxh2+ 18. Nxh2 Rxd3 19. Nc4 Qd8 20. e7 Qd4 21. Bxd3 Qxd3 {1-0 (48)
Georgiev,K (2685)-Ivanisevic,I (2596) Zlatibor 2006}) 15... Bh6 (15... cxd4 $11
16. Nxd4 (16. Qxd4 Be7 $15) 16... Be7) 16. Qc4 {[%cal Rd4c5]} cxd4 $1 17. Rxd4
Nb6 18. Qc5 Qxc5 19. Nxc5 Rxd4 20. Nxd4 Rc8 21. Nxb7 Kxb7 22. Bh5 Rc7 23. g3
Nc8 24. Rd1 Rd7 25. Kf1 Bf8 26. Ke2 Kb6 27. Nf3 Nd6 {White leaves nothing to
chance now.} (27... Rxd1 $14 28. Kxd1 Bc5) 28. e5 $16 fxe5 29. Nxe5 Rc7 {[#]}
30. Bxf7 {[%mdl 512]} Rc2+ 31. Rd2 Rxd2+ 32. Kxd2 {[%mdl 4096] Endgame KBN-KBN}
Bg7 33. Nd7+ Kc6 34. Bxe6 Ne4+ 35. Ke3 Nc3 36. Kd3 Kd6 37. Bf5 Nxa2 38. Kc4 a5
39. Nc5 h6 40. Bd3 Kc6 (40... Nc3 $16 41. Bc2 Bf6) 41. Be4+ $18 Kb6 42. f4 Nc3
43. Bf3 Nb1 {Threatens to win with ...Nd2+.} 44. Na4+ Kc7 {And now ...Nd2+
would win.} 45. Kd5 Nd2 {[#]} (45... Kd7 $16 {might work better.} 46. Nb6+ Kc7)
46. Bd1 $1 Kd7 (46... Nf1 $142) 47. Nb6+ Ke7 48. Nc4 Nf1 (48... Nb1 {is a
better defense.}) 49. Be2 Nxh2 50. Nxa5 Bc3 51. Nc4 Kf6 52. Nd6 Be1 (52... h5
$142 53. Ne4+ Ke7) 53. g4 Bc3 54. Ne4+ Ke7 55. Kc4 Be1 56. f5 Kf7 57. Kd4 Kg7
$2 (57... Ke7 $18 58. Kc4 Kf8) 58. Ke5 Kf7 59. f6 Bc3+ 60. Kf5 Bd4 61. g5 {
Weighted Error Value: White=0.05/Black=0.52} 1-0

[Event "FIDE Chesscom Grand Swiss 2021"]
[Site "Riga"]
[Date "2021.10.27"]
[Round "1.54"]
[White "Miezis, Normunds"]
[Black "Sasikiran, Krishnan"]
[Result "1/2-1/2"]
[WhiteElo "2467"]
[BlackElo "2640"]
[Annotator "TA"]
[PlyCount "73"]
[EventDate "2021.10.27"]
[EventType "swiss"]
[EventCountry "LAT"]
[Tiebreak "Cut1 Buchholz+Sonneborn-Berger (Swiss)"]
[SourceTitle "playchess.com"]
[Source "ChessBase"]
[SourceQuality "1"]

{[%evp 13,73,6,6,2,0,2,1,0,0,7,6,16,0,0,7,-7,-4,0,-7,-26,-36,-51,-36,-53,0,-80,
-68,-72,-69,-78,-60,-64,-54,-57,-48,-41,0,-89,29,41,27,0,0,0,0,0,0,0,0,0,68,76,
53,33,58,6,7,0,60,0,8,0]} 1. c4 g6 2. Nc3 Bg7 3. g3 e5 4. Bg2 d6 5. d3 Ne7 6.
e4 c5 7. Nge2 Nbc6 8. a3 {A36: Symmetrical English vs ...g6: 4 Bg2 Bg7.} a6 9.
O-O O-O 10. Rb1 Rb8 11. b4 cxb4 12. axb4 b5 13. cxb5 axb5 14. Be3 Nd4 15. Qd2
Bg4 16. f3 Be6 17. f4 {[#]} Ra8 $146 ({Predecessor:} 17... Qd7 18. Bf2 Nxe2+
19. Nxe2 Rfc8 20. Rfc1 Ra8 21. Rxc8+ Rxc8 22. Rc1 Rxc1+ 23. Qxc1 Qc6 24. Qb1
Qc7 25. fxe5 dxe5 {1-0 (41) Hoogland,D (2098)-Bowmer,K (2041) Vale 2017}) 18.
Rf2 Qd7 ({Black should try} 18... Ra6 $15) 19. Rbf1 (19. f5 $1 $11 gxf5 20.
exf5 Ndxf5 21. Bxa8 Rxa8 22. Bg5) 19... Nxe2+ $17 20. Nxe2 Ra2 21. Qe1 Rc8 22.
fxe5 dxe5 23. Bc5 Bf8 24. Nc3 Ra3 25. Nd5 (25. d4 $11 exd4 26. Nd5 Nxd5 27.
exd5 Bxd5 28. Qe5 {[%mdl 64] Double Attack} Rxc5 29. bxc5) 25... Bxd5 (25...
Nxd5 $17 26. exd5 Bxc5 27. bxc5 Bxd5 28. Qxe5 Rxd3 29. Bxd5 Rxd5) 26. exd5 $11
Nf5 27. Qxe5 {[%cal Rf2f5] [#] And now Rxf5 would win.} Rxc5 28. Rxf5 gxf5 29.
bxc5 Bxc5+ 30. d4 Bd6 31. Qf6 Qe7 ({Black should play} 31... f4 $11) 32. Qxf5
$14 Re3 33. Qg4+ Kh8 34. Qc8+ (34. Qh5 $14) 34... Kg7 $1 $11 35. Qg4+ (35. Rf2
$11) 35... Kh8 $14 36. Qc8+ (36. Qh5 $14) 36... Kg7 $1 $11 37. Qg4+ {Weighted
Error Value: White=0.21/Black=0.14} 1/2-1/2

[Event "FIDE Chesscom Grand Swiss 2021"]
[Site "Riga"]
[Date "2021.10.28"]
[Round "2.1"]
[White "Nihal Sarin"]
[Black "Caruana, Fabiano"]
[Result "1/2-1/2"]
[WhiteElo "2652"]
[BlackElo "2800"]
[Annotator "TA"]
[PlyCount "113"]
[EventDate "2021.10.27"]
[EventType "swiss"]
[EventCountry "LAT"]
[Tiebreak "Cut1 Buchholz+Sonneborn-Berger (Swiss)"]
[SourceTitle "playchess.com"]
[Source "ChessBase"]
[SourceQuality "1"]

{[%evp 23,113,0,2,6,31,20,37,17,29,0,0,-33,-28,-30,0,-152,-145,-121,-132,-138,
-143,-127,-142,-138,-151,-130,-122,-139,-129,-137,-96,-107,-68,-118,-107,-110,
-110,-113,-110,-102,-99,-95,-77,-85,0,-94,0,-93,-59,-54,-58,-69,-32,-84,-70,
-66,-6,-6,0,-6,-6,-6,-6,-10,-5,-20,0,0,0,0,0,0,0,0,0,0,0,0,0,0,0,-30,0,0,0,0,0,
0,0,0,0,0]} 1. d4 d5 2. c4 e6 3. Nc3 c5 4. e3 Nf6 5. Nf3 a6 6. cxd5 exd5 7. Be2
Nc6 8. O-O Bd6 9. dxc5 Bxc5 10. b3 O-O 11. Bb2 Ba7 12. Rc1 Re8 13. h3 {[#] D32:
Tarrasch Defence: Sidelines and lines without g3.} Qd6 $146 ({Predecessor:} 
13... Be6 14. Ng5 Bf5 15. Bd3 Bg6 16. Bxg6 hxg6 17. Ne2 Ne4 18. Nxe4 dxe4 19.
Qxd8 Raxd8 20. Rcd1 Nb4 {0-1 (46) Lakicevic,B (2027)-Chelushkina,I (2320)
Valjevo 2010}) 14. Bd3 Bd7 15. Ne2 {White is slightly better.} Rad8 16. Ned4
Ne4 17. Qe2 Bb8 18. Rfd1 Qg6 19. Nh4 $2 (19. Nxc6 $11 bxc6 20. Nh4) 19... Nxd4
$17 20. Bxd4 {[#]} Qh6 {[%cal Rh6h4]} 21. Nf3 {[#]} Bxh3 $1 22. gxh3 Qxh3 {
Threatens to win with ...Rd6.} 23. Qf1 Qxf3 24. Qg2 Qxg2+ 25. Kxg2 h6 26. b4
Re6 27. a4 h5 28. Rc2 Be5 29. Bxe5 Rxe5 30. Rc7 Nd6 31. Be2 Rg5+ 32. Kf1 Rf5
33. Kg2 Rg5+ 34. Kf1 $1 Rf5 35. Kg2 $1 b5 36. axb5 Nxb5 37. Rc5 Rb8 38. Bf1 (
38. e4 $15 Rg5+ 39. Kh3) 38... Rg5+ 39. Kh2 Rg4 (39... g6 $15) 40. Rdxd5 $11
Rxb4 41. Rxh5 g6 42. Rhd5 Kg7 43. Kg3 Rb6 44. Bd3 Rb2 45. f3 Rb3 46. e4 Rd6 (
46... Rb7 {seems wilder.} 47. e5 Ra3 48. Rc8 Na7 49. Re8 Nc6) 47. Rxb5 Rxd3 48.
Rxd3 Rxd3 {[%mdl 4096] Endgame KR-KR} 49. Rb6 a5 50. Ra6 Ra3 51. e5 a4 52. Ra7
Kf8 53. Kg4 {The position is equal.} Re3 54. Kf4 $1 {[%cal Rf4e3]} Ra3 55. Kg4
Re3 56. Kf4 Ra3 57. Kg4 {Black had all chances to win.  Weighted Error Value:
White=0.11/Black=0.16} 1/2-1/2

[Event "FIDE Chesscom Grand Swiss 2021"]
[Site "Riga"]
[Date "2021.10.28"]
[Round "2.2"]
[White "Swiercz, Dariusz"]
[Black "Firouzja, Alireza"]
[Result "0-1"]
[WhiteElo "2647"]
[BlackElo "2770"]
[Annotator "TA"]
[PlyCount "122"]
[EventDate "2021.10.27"]
[EventType "swiss"]
[EventCountry "LAT"]
[Tiebreak "Cut1 Buchholz+Sonneborn-Berger (Swiss)"]
[SourceTitle "playchess.com"]
[Source "ChessBase"]
[SourceQuality "1"]

{[%evp 20,122,0,-10,0,-22,-20,0,0,-15,-15,-27,-5,-11,-4,-34,-14,-50,-50,-35,
-35,-53,-27,-15,-21,-20,-13,-54,-25,-62,31,14,43,25,73,64,128,146,113,0,34,40,
42,50,153,164,220,182,156,-27,-18,-68,-54,-86,-94,-80,-29,-93,-64,-66,-66,-66,
-77,-90,-87,-106,-106,-113,-113,-110,-111,-145,-146,-151,-160,-233,-167,-230,
-218,-239,-231,-253,-221,-222,-112,-146,-170,-215,-85,-81,-81,-495,-492,-634,
-460,-29980,-29981,-29983,-29970,-5919,-5836,-5281,-4910,-1608,-590]} 1. e4 c5
2. Nf3 d6 3. d4 cxd4 4. Nxd4 Nf6 5. Nc3 a6 6. f4 e5 7. Nf3 Qc7 8. Bd3 Be7 9.
O-O O-O 10. Kh1 Nbd7 11. a4 Nc5 {B93: Sicilian Najdorf: 6 f4.} 12. a5 Bd7 13.
Be3 {[#]} Rae8 $146 {The position is equal.} ({Predecessor:} 13... Rac8 14. f5
Bc6 15. Bxc5 dxc5 16. Qe2 c4 17. Bxc4 Bxe4 18. Bxf7+ Rxf7 19. Nxe4 Qxc2 20.
Qxc2 Rxc2 {1/2-1/2 (40) Schenning,A (2084)-Morcin,T (2115) LSS email 2012}) 14.
Qd2 exf4 15. Bxf4 Bc6 {[%cal Rf6e4]} 16. Rfe1 Nh5 17. Be3 Bf6 18. Bd4 Bxd4 19.
Nxd4 Nf6 {[%cal Rc5e4]} 20. Nf5 {Hoping for Nxg7!} Re5 {[%cal Rc5e4]} 21. Qg5 {
[%csl Gf5][%cal Rg5g7]} Ne6 22. Qh4 Qd8 23. Rf1 Kh8 (23... Rxa5 $2 24. Rxa5
Qxa5 25. Ne7+ (25. Nxg7 Qg5 $14) 25... Kh8 26. e5 $18) 24. Rae1 Ng8 ({Reject} 
24... Qxa5 $6 25. Nxg7 $1 Nxg7 26. Rxf6 $16 (26. Qxf6 Qd8 $16)) (24... Rxa5 $15
25. Bc4 Re5) 25. Qg3 $14 g6 26. Ne3 Nf6 27. Nc4 $1 {[%cal Rc4e5]} Nh5 28. Qe3
$1 $16 Rg5 29. Re2 (29. Rd1 $16) 29... Rg4 30. Ref2 Qh4 31. Ne2 Qe7 (31... f5
$1 $14) 32. Nd4 Kg8 (32... Nd8 {might work better.}) 33. Nxc6 bxc6 34. e5 $2 (
34. Be2 $1 $16 {[%cal Re2g4]} Rg5 35. b4) 34... Qh4 $11 35. Rf3 {Threatens to
win with g3.} Rxc4 36. Bxc4 Qxc4 37. exd6 Qd5 (37... Nhg7 $1 $17 38. Qd3 Qb4)
38. Qf2 (38. Qb6 $11) 38... Ng5 ({Don't play} 38... Qxd6 $6 39. Rxf7 Nhf4 40.
Rxf8+ Qxf8 41. Qa7 $14) 39. Rd3 Qxa5 40. d7 Ne6 $1 41. Rd6 Nhg7 42. Rxc6 {
And now Rc8! would win.} Qd5 $1 {[%csl LRc6,LRd7]} 43. Rxa6 Qxd7 44. Ra7 Qe8
45. c4 Nf5 46. b4 Qc6 47. Rc1 (47. c5 $17) 47... Ned4 $19 48. Ra2 (48. c5 $142)
48... Re8 49. Rb2 Qe4 50. b5 Ne3 51. Qe1 {[#] If White can now play b6 this
consolidates a bit.} Qf4 ({Black should try} 51... Nb3 $1 $19 {[%mdl 512]} 52.
Rcb1 Nc5) 52. Qg3 Qf6 {White must now prevent ...Ndf5!} 53. Re1 Kg7 54. Qf2 $17
{[#] Qxf6+ is the strong threat.} Ndf5 $1 $40 {[%mdl 128] Strongly threatening
...Ng4. Black is out for blood.} 55. Rbb1 $2 {[%mdl 8192] [#]} (55. h3 $17 {
was the crucial defense.}) 55... Ng4 $1 $19 {[%cal Rg4f2][%mdl 512]} 56. Qf4 {
[#]} (56. Qd2 Rxe1+) 56... Qh4 $1 {[%mdl 512]} 57. Rf1 {[#]} (57. Rxe8 $19 Nf2+
{[%mdl 64] Discovered Attack} 58. Qxf2 Qxf2 59. Rbe1) 57... Re4 $1 {[%mdl 512]}
58. Qc7 {[#]} (58. Qxg4 Rxg4) 58... Nxh2 $1 {[%mdl 512]} 59. Kg1 Nxf1 {Black
is clearly winning.} 60. Rxf1 Rxc4 61. Qe5+ Qf6 {What a bad dream for White. 
Weighted Error Value: White=0.46/Black=0.22} 0-1